Figure out Billie Eilish song by the lyrics - Statistics

General Stats
  • This quiz has been taken 54 times
  • The average score is 108 of 179
Answer Stats
Answer % Correct
(I
100%
I
100%
(I),
100%
a
93%
you
91%
(you
91%
love
84%
when
84%
When
84%
the
80%
(and
77%
and
77%
And
77%
do
77%
me
77%
so
75%
to
73%
in
68%
my,
68%
my
68%
(my),
68%
your
68%
it
66%
I'm
64%
was
64%
But
61%
know
61%
on
61%
is
59%
(is
59%
Am
57%
for
57%
it's
57%
of
57%
did
52%
Just
52%
think
52%
got
50%
why
50%
With
50%
because
48%
cry
48%
Cry
48%
cry?
48%
Oh,
48%
old
48%
out?
48%
real
48%
say
48%
still
48%
Still
48%
time
48%
way
48%
bird
45%
get
45%
maybe
45%
now?
45%
didn't
43%
keep
43%
long,
43%
look
43%
loved
43%
she's
43%
skinny
43%
friend,
41%
happy
41%
kind
41%
off
41%
pretty
41%
said
41%
cage
39%
feed
39%
Fell
39%
first
39%
funny
39%
good
39%
gotta
39%
never
39%
(never
39%
People
39%
secret
39%
somebody's
39%
already
36%
dog
36%
feel
36%
hungry
36%
internet
36%
stage,
36%
step
36%
acting
34%
age
34%
Feeling
34%
gone)
34%
gone
34%
meanest
34%
sign
34%
took
34%
wrong)
34%
wrong
34%
21
32%
fine
32%
lifetime
32%
pound
32%
Hm
30%
hm
30%
patience
30%
No matching quizzes found
Score Distribution
Percent of People with Each Score
Percentile by Number Answered
Your Score History
You have not taken this quiz